000 00746cab a2200241 4500
001 ABS59004
008 090401t1998 xxu||||| |||| 00| 0 eng d
035 _a(Sirsi) u87408
041 _aeng
245 _aShedding new light
260 _c1998
350 _a0
490 _aRIBA Journal
_v105(7) July 1998, 41-45(4)
520 _aReview of Orange UK`s new regional headquarters in Darlington, with a smart high-bay warehouse exterior,fitted out as offices. Includes plans and cost specification.
650 _aCALL CENTRES
650 _aDISPLACEMENT FRESH AIR SYSTEM
650 _aFENG SHUI
650 _aSOLAR GLASS
650 _aSTEEL FRAME
690 _aBUILDING AND CONSTRUCTION-PROJECTS
942 _n0
948 _c14/07/1998
999 _c55120
_d55120